000 00249nam a2200097Ia 4500
001 655245
005 20250826154533.0
008 250824s9999 xx 000 0 und d
245 0 _aSuna’nın Serçeleri
_cGülten Dayıoğlu
260 _bAltın Kitaplar
999 _c655245
_d655245